|
|
|
|
| LEADER |
00000cam a2200000 4500 |
| 001 |
vtls012260938 |
| 003 |
SK-MaSNL |
| 005 |
20260302095559.0 |
| 008 |
240723s2018 xr l frn 000 0 eng |
| 015 |
|
|
|a SNBA2018/05
|
| 020 |
|
|
|a 9788026314226
|q (brožované)
|
| 040 |
|
|
|a SNK
|b slo
|c SNK
|e rda
|
| 041 |
1 |
|
|a eng
|h slo
|
| 044 |
|
|
|a xr
|c CZ
|
| 072 |
|
7 |
|a 376
|x Výchova a vzdelávanie zvláštnych skupín osôb
|2 konspekt
|
| 072 |
|
7 |
|a 371
|x Školstvo (organizácia)
|2 konspekt
|
| 080 |
|
|
|a 376
|2 2011
|
| 080 |
|
|
|a 37.043.2
|2 2011
|
| 080 |
|
|
|a 37.04
|2 2011
|
| 080 |
|
|
|a 371:17.024.4
|2 2001
|
| 080 |
|
|
|a (048.8)
|2 2011
|
| 100 |
1 |
|
|a Dubayová, Tatiana,
|d 1975-
|4 aut
|9 224130
|
| 245 |
1 |
0 |
|a Coping strategies of pupils with special educational needs in inclusion and their relation to school achievement
|c Tatiana Dubayová, Jana Kožárová ; translation: Viktoria Kohl
|
| 250 |
|
|
|a 1st edition
|
| 264 |
|
1 |
|a Brno
|b Tribun EU
|c 2018
|
| 300 |
|
|
|a 83 strán
|b schémy, tabuľky
|c 24 cm
|
| 336 |
|
|
|a text
|b txt
|2 rdacontent
|
| 337 |
|
|
|a bez média
|b n
|2 rdamedia
|
| 338 |
|
|
|a zväzok
|b nc
|2 rdacarrier
|
| 366 |
|
|
|e 100 kusov
|
| 490 |
1 |
|
|a Librix.eu
|
| 500 |
|
|
|a Pravdepodobne preložené zo slovenčiny
|
| 504 |
|
|
|a Obsahuje bibliografiu za jednotlivými kapitolami a bibliografické odkazy
|
| 650 |
0 |
7 |
|a špeciálna pedagogika
|2 SNKPH
|9 958
|
| 650 |
0 |
7 |
|a integrovaná výchova a vzdelávanie
|2 SNKPH
|9 67219
|
| 650 |
0 |
7 |
|a špeciálne vzdelávacie potreby
|2 SNKPH
|9 167414
|
| 650 |
0 |
7 |
|a školská úspešnosť
|2 SNKPH
|9 70890
|
| 650 |
0 |
7 |
|a Special education
|2 SNKPHeng
|9 266101
|
| 650 |
0 |
7 |
|a Integrated education
|2 SNKPHeng
|9 306558
|
| 650 |
0 |
7 |
|a Special educational needs
|2 SNKPHeng
|9 336370
|
| 650 |
0 |
7 |
|a School success
|2 SNKPHeng
|9 302876
|
| 655 |
|
7 |
|a štúdie
|2 SNKPH
|9 57033
|
| 655 |
|
7 |
|a monografie
|2 SNKPH
|9 70139
|
| 655 |
|
7 |
|a Studies
|2 SNKPHeng
|9 265573
|
| 655 |
|
7 |
|a Monographs
|2 SNKPHeng
|9 120675
|
| 700 |
1 |
|
|a Kožárová, Jana,
|d 1987-
|4 aut
|9 226920
|
| 700 |
1 |
|
|a Kohl, Viktoria
|4 trl
|9 666341
|
| 830 |
|
0 |
|a Librix.eu
|9 327570
|
| 852 |
|
|
|a Slovenská národná knižnica
|
| 919 |
|
|
|a 978-80-263-1422-6
|
| 954 |
|
|
|a odborná, vedecká literatúra pôvodná (slovenská)
|2 lita
|
| 958 |
|
|
|a NB
|
| 958 |
|
|
|a OP
|
| 958 |
|
|
|a SP
|
| 999 |
|
|
|c 1217463
|d 1219393
|
| 952 |
|
|
|a SNK
|b SNK
|y PREZ
|7 0
|p 17A1563165
|o snkSC 209244
|i snk2025/697
|8 2
|g 1.98
|0 0
|1 0
|4 0
|d 2024-07-23
|l 0
|r 2025-11-03 00:00:00
|w 2026-02-24
|